Diccionario francés-español, español-francés

Պահպանված է:
Մատենագիտական մանրամասներ
Ձևաչափ: Գիրք
Լեզու:ֆրանսերեն
իսպաներեն
Հրապարակվել է: Barcelona Librería Universitaria 2008
Խորագրեր:
Ցուցիչներ: Ավելացրեք ցուցիչ
Չկան պիտակներ, Եղեք առաջինը, ով նշում է այս գրառումը!

MARC

LEADER 00000nam a2200000 a 4500
001 UCH2473
003 CL-VaPUC
008 090618e20080000SP |||||||||||||||||fre|d
020 |a 9788496865815 
041 0 7 |a fre  |2 CL-VaPUC 
041 0 7 |a spa  |2 CL-VaPUC 
082 0 4 |a 443.61  |b DIC  |2 21 
245 1 0 |a Diccionario francés-español, español-francés 
300 |a 816 p 
942 |c BK 
945 |d 20090618 00:00:00  |a rbrito 
260 |a Barcelona  |b Librería Universitaria  |c 2008 
650 7 |a FRANCES DICCIONARIOS  |2 CL-VaPUC  |9 537313 
650 7 |a ESPAÑOL DICCIONARIOS  |2 CL-VaPUC  |9 260592 
583 |a last modification  |c 20090618 00:00:00  |k Rodrigo Vera 
999 |c 334206  |d 334204 
952 |0 0  |1 0  |2 ddc  |4 0  |6 443_610000000000000_DIC_2008  |7 0  |8 A  |9 423056  |a BIBCUR  |b BIBCUR  |d 2019-11-22  |i 4561821  |o 443.61 DIC 2008  |p 4561821  |r 2025-04-22  |w 2019-11-22  |y BK  |k PER